Ustanovenia o inkluzívnom vzdelávaní v štátnych dokumentoch (2.) Hodnotenie a personálne podmienky
Prehľad ustanovení o inkluzívnom vzdelávaní vo vybraných oblastich aktuálne platných štátnych dokumentov: školský zákon, zákon o pedagogických zamestnancoch a odborných zamestnancoch, koncepčné dokumenty Učiace sa Slovensko (2017), Národný program rozvoja výchovy a vzdelávania s názvom Kvalitné a do...
Salvato in:
| Autore principale: | |
|---|---|
| Natura: | Capitolo di libro |
| Lingua: | slovacco |
| Soggetti: | |
| Tags: |
Nessun Tag, puoi essere il primo ad aggiungerne!!
|
MARC
| LEADER | 00000naa a2200000 4500 | ||
|---|---|---|---|
| 001 | 0282070 | ||
| 005 | 20240417075155.0 | ||
| 041 | 0 | |a slo | |
| 044 | |a SK | ||
| 245 | 1 | 0 | |a Ustanovenia o inkluzívnom vzdelávaní v štátnych dokumentoch (2.) |b Hodnotenie a personálne podmienky |c Milena Lipnická |
| 520 | |a Prehľad ustanovení o inkluzívnom vzdelávaní vo vybraných oblastich aktuálne platných štátnych dokumentov: školský zákon, zákon o pedagogických zamestnancoch a odborných zamestnancoch, koncepčné dokumenty Učiace sa Slovensko (2017), Národný program rozvoja výchovy a vzdelávania s názvom Kvalitné a dostupné vzdelávanie pre Slovensko (2018), Sprievodca školským rokom 2021/2022. Téma zlepšovania procesov hodnotenia a zabezpečenia personálnych podmienok. | ||
| 610 | 2 | 0 | |a vzdelávanie |
| 610 | 2 | 0 | |a vzdelávanie inkluzívne |
| 610 | 2 | 0 | |a dokumenty |
| 610 | 2 | 0 | |a zákony |
| 610 | 2 | 0 | |a Slovensko |
| 100 | 1 | |a Lipnická, Milena | |